| 000 | 00823cam a22002655a 4500 | ||
|---|---|---|---|
| 001 | 016604642 | ||
| 003 | OSt | ||
| 005 | 20160113132044.0 | ||
| 008 | 140115s2014 enka frbd 001 0 eng d | ||
| 020 | _a9781292040899 (paperback) | ||
| 040 |
_aUk _beng _cUk _dEG-ScBUE _dEG-ScBUE |
||
| 082 | 0 | 4 |
_a658.802 _bMAR _222 |
| 100 | 1 |
_aMartin, Diane, _d1958- _939041 |
|
| 245 | 1 | 0 |
_aSustainable marketing / _cDiane Martin, John Schouten. |
| 250 | _a1st ed., Preason New International ed. | ||
| 260 |
_aHarlow : _bPearson Education Limited, _c2014. |
||
| 300 |
_aii, 248 p. : _bill. ; _c28 cm. |
||
| 500 | _aIndex : p. 239-248. | ||
| 504 | _aIncludes bibliographical references. | ||
| 650 | 0 |
_aGreen marketing. _2BUEsh |
|
| 651 | _2BUEsh | ||
| 653 |
_bBUSADM _cJuly2015 _cJanuary2016 |
||
| 700 | 1 | _aSchouten, John. | |
| 942 | _2ddc | ||
| 999 |
_c20349 _d20321 |
||